|
|
|
|
| LEADER |
00000nlm2a2200000 4500 |
| 001 |
376969 |
| 005 |
20231102012852.0 |
| 035 |
|
|
|a (RuTPU)RU\TPU\retro\34413
|
| 035 |
|
|
|a RU\TPU\retro\34213
|
| 090 |
|
|
|a 376969
|
| 100 |
|
|
|a 20230201d2023 k y0rusy50 ca
|
| 101 |
0 |
|
|a rus
|
| 102 |
|
|
|a RU
|
| 105 |
|
|
|a a z 001yy
|
| 135 |
|
|
|a drcn ---uucaa
|
| 181 |
|
0 |
|a i
|
| 182 |
|
0 |
|a b
|
| 200 |
0 |
|
|a Т. 334, № 1
|
| 203 |
|
|
|a Текст
|c электронный
|
| 210 |
|
|
|d 2023
|
| 320 |
|
|
|a Библиогр. в конце статей
|
| 461 |
|
1 |
|0 (RuTPU)RU\TPU\book\312844
|x 2413-1830
|t Известия Томского политехнического университета [Известия ТПУ]. Инжиниринг георесурсов
|f Национальный исследовательский Томский политехнический университет (ТПУ)
|l Bulletin of the Tomsk Polytechnic University. Geo Assets Engineering
|v Т. 334, № 1
|d 2015-
|
| 601 |
0 |
2 |
|a Национальный исследовательский Томский политехнический университет (ТПУ)
|c (2009- )
|2 stltpush
|3 (RuTPU)RU\TPU\col\15902
|
| 606 |
1 |
|
|a Научно-технический потенциал
|2 stltpush
|3 (RuTPU)RU\TPU\subj\45166
|9 64427
|
| 610 |
1 |
|
|a научные исследования
|
| 610 |
1 |
|
|a электронный ресурс
|
| 610 |
1 |
|
|a уран
|
| 610 |
1 |
|
|a аэрозольные выпадения
|
| 610 |
1 |
|
|a железомарганцевые образования
|
| 610 |
1 |
|
|a золото
|
| 610 |
1 |
|
|a электроснабжение
|
| 610 |
1 |
|
|a возобновляемые источники энергии
|
| 610 |
1 |
|
|a автономные системы
|
| 610 |
1 |
|
|a бурение скважин
|
| 610 |
1 |
|
|a альтернативные технологии
|
| 610 |
1 |
|
|a геофизические исследования
|
| 610 |
1 |
|
|a углеводороды
|
| 610 |
1 |
|
|a залежи нефти
|
| 610 |
1 |
|
|a минеральные формы
|
| 610 |
1 |
|
|a породы-коллекторы
|
| 610 |
1 |
|
|a фильтрационно-емкостные свойства
|
| 610 |
1 |
|
|a гамма-излучения
|
| 610 |
1 |
|
|a приземные слои
|
| 610 |
1 |
|
|a цементный камень
|
| 610 |
1 |
|
|a грунтовые воды
|
| 610 |
1 |
|
|a термальные источники
|
| 610 |
1 |
|
|a микроэлементы
|
| 610 |
1 |
|
|a минералообразование
|
| 610 |
1 |
|
|a добавки
|
| 610 |
1 |
|
|a вторичные ресурсы
|
| 610 |
1 |
|
|a строительные материалы
|
| 610 |
1 |
|
|a нефтепереработка
|
| 610 |
1 |
|
|a промывочные жидкости
|
| 610 |
1 |
|
|a геохимические модели
|
| 610 |
1 |
|
|a паровоздушные смеси
|
| 610 |
1 |
|
|a кимберлитовые трубки
|
| 610 |
1 |
|
|a цифровизация
|
| 610 |
1 |
|
|a метаосадочные породы
|
| 610 |
1 |
|
|a элементы-примеси
|
| 610 |
1 |
|
|a золоторудные месторождения
|
| 675 |
|
|
|a 62
|v 3
|
| 801 |
|
2 |
|a RU
|b 63413507
|c 20231013
|g RCR
|
| 856 |
4 |
0 |
|u https://earchive.tpu.ru/bitstream/11683/74599/1/bulletin_tpu-2023-v334-i1.pdf
|
| 856 |
4 |
0 |
|u https://doi.org/10.18799/24131830/2023/1
|
| 942 |
|
|
|c CF
|